[Event "Santos op"]
[Site "Santos"]
[Date "2009.06.28"]
[Round "5"]
[White "Rodrigues Quintili, Pinto Rena"]
[Black "Rocha, Wellington Carlos"]
[Result "0-1"]
[WhiteElo "2068"]
[BlackElo "2439"]
[PlyCount "74"]
[EventDate "2009.06.26"]
[EventType "swiss"]
[EventRounds "6"]
[EventCountry "BRA"]
[SourceTitle "EXT 2012"]
[Source "ChessBase"]
[SourceDate "2011.11.24"]
[SourceVersion "1"]
[SourceVersionDate "2011.11.24"]
[SourceQuality "1"]

1. e4 c5 2. Nf3 d6 3. d4 cxd4 4. Nxd4 Nf6 5. Nc3 Nc6 6. Bg5 e6 7. Qd2 a6 8. 0-0-0 h6 9. Be3 Bd7 10. f4 Qc7 11. Kb1 Be7 12. Nb3 b5 13. Bd3 0-0 14. h3 b4 15. Ne2 a5 16. Nbd4 Nxd4 17. Nxd4 Qb7 18. e5 Nd5 19. Be4 Nc3+ 20. Qxc3 Qxe4 21. Qd3 Qxd3 22. Rxd3 dxe5 23. fxe5 Rfd8 24. Rhd1 Be8 25. g3 a4 26. h4 Ra5 27. Nf3 Rb8 28. Bf4 Bb5 29. R3d2 Bc6 30. Nd4 Be4 31. Re1 Bd5 32. Be3 Bd8 33. b3 Rba8 34. Ree2 Bc7 35. Bf4 Bb6 36. Kc1 Bb7 37. Kb1 Rd8 0-1

[Event "Santos op"]
[Site "Santos"]
[Date "2009.06.28"]
[Round "6"]
[White "Sakamoto Branchini, Fernando L"]
[Black "Rodrigues Quintili, Pinto Rena"]
[Result "0-1"]
[WhiteElo "1838"]
[BlackElo "2068"]
[PlyCount "50"]
[EventDate "2009.06.26"]
[EventType "swiss"]
[EventRounds "6"]
[EventCountry "BRA"]
[SourceTitle "EXT 2012"]
[Source "ChessBase"]
[SourceDate "2011.11.24"]
[SourceVersion "1"]
[SourceVersionDate "2011.11.24"]
[SourceQuality "1"]

1. e4 c5 2. Nf3 d6 3. d4 cxd4 4. Nxd4 Nf6 5. Nc3 g6 6. Be3 Bg7 7. f3 0-0 8. Qd2 Nc6 9. 0-0-0 d5 10. exd5 Nxd5 11. Nxd5 Qxd5 12. Nxc6 Qxc6 13. Bh6 Bf5 14. Bxg7 Kxg7 15. Bd3 Rfd8 16. Qe2 Be6 17. Qe5+ Kg8 18. Qb5 Qc7 19. Kb1 Rac8 20. Qa4 a6 21. c3 Rxd3 22. Rxd3 Bf5 23. Rhd1 Rd8 24. Qc2 Rxd3 25. Rxd3 Qc4 0-1

[Event "Santos op"]
[Site "Santos"]
[Date "2009.06.27"]
[Round "4"]
[White "Mekhitarian, Krikor Sevag"]
[Black "Rodrigues Quintili, Pinto Rena"]
[Result "1-0"]
[WhiteElo "2503"]
[BlackElo "2068"]
[PlyCount "79"]
[EventDate "2009.06.26"]
[EventType "swiss"]
[EventRounds "6"]
[EventCountry "BRA"]
[SourceTitle "EXT 2012"]
[Source "ChessBase"]
[SourceDate "2011.11.24"]
[SourceVersion "1"]
[SourceVersionDate "2011.11.24"]
[SourceQuality "1"]

1. e4 c5 2. Nf3 d6 3. d4 cxd4 4. Nxd4 Nf6 5. Nc3 g6 6. Be3 Bg7 7. f3 0-0 8. Qd2 Nc6 9. 0-0-0 d5 10. Kb1 Nxd4 11. e5 Nf5 12. exf6 exf6 13. Nxd5 Nxe3 14. Qxe3 Be6 15. Bc4 Bxd5 16. Rxd5 Qc7 17. Qc5 Qxc5 18. Rxc5 Rac8 19. Rxc8 Rxc8 20. Bd5 b5 21. c3 Rc5 22. Rd1 a5 23. a3 Kf8 24. Ka2 f5 25. Kb3 Be5 26. h3 Ke7 27. a4 h5 28. Rd2 f6 29. axb5 Rxb5+ 30. Kc4 Rb8 31. Bc6 Rc8 32. Kb5 Rb8+ 33. Kc5 g5 34. Bb5 Rc8+ 35. Kb6 Bc7+ 36. Kb7 Rb8+ 37. Kxc7 Rxb5 38. Kc6 Rb3 39. Rd7+ Ke6 40. Rb7 1-0